| 000 | 00591pam a2200217 a 4500 | ||
|---|---|---|---|
| 001 | 4816376 | ||
| 005 | 20180202042739.0 | ||
| 008 | 890314s1989 si a b 001 0 eng | ||
| 010 | _a 89006582 | ||
| 020 | _a0201416530 (U.S.) | ||
| 040 |
_aDLC _cDLC _dDLC |
||
| 041 | _aeng | ||
| 080 | _a005.133 | ||
| 082 | 0 | 0 |
_a005.133 STE _220 |
| 100 | 1 | _a30 | |
| 101 | _aSHK | ||
| 245 | 1 | 0 |
_aGolden common LISP : _cDavid J. Steele. |
| 504 | _aIncludes bibliographical references (p. 535-538). | ||
| 906 |
_a7 _bcbc _corignew _d1 _eocip _f19 _gy-gencatlg |
||
| 942 |
_2ddc _cBK |
||
| 999 |
_c41595 _d41595 |
||